000 00745nmc a2200277 a 4500
003 AR-BaBNM
005 20251128211556.0
008 104120s2004 ||||||||||||||000 | spa||
020 _a950-753-117-3
040 _cAR-BaBNM
100 1 _aAmicis, Edmundo de
245 1 0 _aDe los Apeninos a los Andes
_by otros cuentos
260 _aBuenos Aires
_bCántaro
_c2004
300 0 _a155 p.
490 0 _aColección del Mirador
_v173
650 4 _aLITERATURA ITALIANA
650 4 _aSIGLO DIECINUEVE
650 4 _aACTIVIDADES DE APRENDIZAJE
650 4 _aANALISIS LITERARIO
650 4 _aCUENTOS
655 _aLITERATURA
700 1 _aCochetti, Stella Maris
_eeditor
800 1 _aIndart, María Inés
942 _cBK
998 _cmartin
999 _c20263
_d20263